Nommé au César du meilleur film - Statistiques

Statistiques générales
  • Ce quiz a été pris 2 123 fois
    147 depuis la dernière actualisation
  • Le résultat moyen est 65 sur 276
Statistiques - réponses
Année Film % Correct
2024 Anatomie d'une chute
60%
2026 L'attachement
53%
2002 Le fabuleux destin d'Amélie Poulain
53%
2010 Un prophète
53%
2006 De battre mon coeur s'est arrêté
50%
2025 Emilia Perez
50%
1996 La haine
50%
2014 La vie d'Adèle
50%
2025 Le comte de Monte-Cristo
50%
2020 Les misérables
50%
2022 Illusions perdues
47%
2012 Intouchables
47%
2020 J'accuse
47%
2008 La graine et le mulet
47%
2023 La nuit du 12
47%
2003 Le pianiste
47%
2026 Dossier 137
43%
1989 Le grand bleu
43%
1995 Léon
43%
2005 L'esquive
43%
2012 The artist
43%
2022 Bac Nord
40%
2019 Jusqu'à la garde
40%
2003 L'auberge espagnole
40%
1981 Le dernier métro
40%
2024 Le règne animal
40%
2018 Le sens de la fête
40%
2021 Adieu les cons
37%
1991 Cyrano de Bergerac
37%
2003 Huit femmes
37%
2001 Le goût des autres
37%
1976 Le vieux fusil
37%
1991 Nikita
37%
2020 Portrait de la jeune fille en feu
37%
2022 Aline
33%
2013 Amour
33%
1984 A nos amours
33%
2009 Entre les murs
33%
2021 Eté 85
33%
2020 Hors normes
33%
2005 Les choristes
33%
1994 Les visiteurs
33%
1984 L'été meurtrier
33%
2007 Ne le dis à personne
33%
2009 Paris
33%
2012 Polisse
33%
1988 Sous le soleil de Satan
33%
1984 Tchao Pantin
33%
1994 Trois couleurs : Bleu
33%
2005 Un long dimanche de fiançailles
33%
1992 Van Gogh
33%
2011 Des hommes et des dieux
30%
2017 Elle
30%
2001 Harry, un ami qui vous veut du bien
30%
2024 Je verrai toujours vos visages
30%
1996 La cérémonie
30%
2000 La fille sur le pont
30%
2008 La môme
30%
1993 Les nuits fauves
30%
2023 L'innocent
30%
1989 L'ours
30%
1998 On connaît la chanson
30%
2020 Roubaix, une lumière
30%
2015 Saint Laurent
30%
1992 Tous les matins du monde
30%
2022 Annette
27%
2021 Antoinette dans les Cévennes
27%
2018 Barbara
27%
2013 Dans la maison
27%
2013 De rouille et d'os
27%
2016 Dheepan
27%
1982 Garde à vue
27%
1996 Gazon maudit
27%
2013 Holy motors
27%
1987 Jean de Florette
27%
2010 La journée de la jupe
27%
1995 La reine Margot
27%
2011 L'arnacoeur
27%
1989 La vie est un long fleuve tranquille
27%
1998 Le cinquième élément
27%
1999 Le dîner de cons
27%
1986 L'effrontée
27%
2019 Le grand bain
27%
2006 Le petit lieutenant
27%
2025 Miséricorde
27%
1990 Monsieur Hire
27%
2023 Pacifiction : tourment sur les îles
27%
1997 Ridicule
27%
1994 Smoking/No smoking
27%
1986 Subway
27%
1999 Taxi
27%
1995 Trois couleurs : Rouge
27%
1990 Trop belle pour toi
27%
1997 Un air de famille
27%
1983 Une chambre en ville
27%
2000 Vénus Beauté (Institut)
27%
2018 120 battements par minute
23%
2014 9 mois ferme
23%
2018 Au revoir là-haut
23%
1988 Au revoir les enfants
23%
1989 Camille Claudel
23%
2013 Camille redouble
23%
1999 Ceux qui m'aiment prendront le train
23%
2024 Chien de la casse
23%
1994 Germinal
23%
2015 Hippocrate
23%
2000 Jeanne d'Arc
23%
2007 Lady Chatterley
23%
2015 La famille Bélier
23%
1982 La guerre du feu
23%
2012 La guerre est déclarée
23%
1989 La lectrice
23%
1977 La meilleure façon de marcher
23%
1984 Le bal
23%
1995 Le fils préféré
23%
1988 Le grand chemin
23%
1977 Le juge et l"assassin
23%
1991 Le mari de la coiffeuse
23%
2013 Le prénom
23%
2023 Les amandiers
23%
2019 Les frères Sisters
23%
2014 Les garçons et Guillaume, à table !
23%
2010 Les herbes folles
23%
1985 Les ripoux
23%
2004 Les sentiments
23%
1982 Les uns et les autres
23%
1981 Loulou
23%
2016 Marguerite
23%
1987 Mélo
23%
2009 Mesrine : l'instinct de mort, Mesrine : L'ennemi public n°1
23%
1981 Mon oncle d'Amérique
23%
1996 Nelly et Monsieur Arnaud
23%
2026 Nouvelle vague
23%
1997 Pédale douce
23%
2005 Rois et reine
23%
1986 Sans toit ni loi
23%
2002 Sous le sable
23%
1980 Tess
23%
1987 Thérèse
23%
1987 37,2 le matin
20%
1977 Barocco
20%
1982 Coup de torchon
20%
1983 Danton
20%
2023 En corps
20%
2016 Fatima
20%
2020 Grâce à Dieu
20%
2019 Guy
20%
1993 Indochine
20%
1993 L.627
20%
1983 La balance
20%
1993 La crise
20%
2022 La fracture
20%
2026 La petite dernière
20%
2016 La tête haute
20%
1990 La vie et rien d'autre
20%
1999 La vie rêvée des anges
20%
1978 Le Crabe-tambour
20%
1993 Le petit prince a dit
20%
2009 Le premier jour du reste de ta vie
20%
2024 Le procès Goldman
20%
2021 Les choses qu'on dit, les choses qu'on fait
20%
2015 Les combattants
20%
1985 Les nuits de la pleine lune
20%
1995 Les roseaux sauvages
20%
2004 Les triplettes de Belleville
20%
2014 L'inconnu du lac
20%
2017 Ma Loute
20%
1997 Microcosmos : le peuple de l'herbe
20%
1979 Molière
20%
1977 Monsieur Klein
20%
2022 Onoda,10000 nuits dans la jungle
20%
2018 Petit paysan
20%
1978 Providence
20%
1976 Que la fête commence
20%
1981 Sauve qui peut (la vie)
20%
2009 Séraphine
20%
1988 Tandem
20%
2015 Timbuktu
20%
1986 Trois hommes et un couffin
20%
2016 Trois souvenirs de ma jeunesse
20%
2005 36 quai des Orfèvres
17%
2003 Amen
17%
2004 Bon voyage
17%
1997 Capitaine Conan
17%
1985 Carmen
17%
1984 Coup de foudre
17%
1976 Cousin, cousine
17%
2019 En liberté !
17%
2003 Etre et avoir
17%
2017 Frantz
17%
2020 La belle époque
17%
1992 La belle Noiseuse
17%
1979 L'argent des autres
17%
2014 La Vénus à la fourrure
17%
2018 Le brio
17%
1979 Le dossier 51
17%
1996 Le hussard sur le toit
17%
1991 Le petit criminel
17%
2001 Les blessures assassines
17%
2000 Les enfants du marais
17%
1988 Les innocents
17%
2022 L'évènement
17%
2011 Mammuth
17%
1994 Ma saison préférée
17%
2016 Mon roi
17%
1978 Nous irons tous au paradis
17%
1983 Passion
17%
2008 Persepolis
17%
2019 Pupille
17%
2007 Quand j'étais chanteur
17%
2001 Saint-Cyr
17%
2015 Sils Maria
17%
2002 Sur mes lèvres
17%
2011 The Ghost Writer
17%
2011 Tournée
17%
1993 Un coeur en hiver
17%
2009 Un conte de Noël
17%
1985 Un dimanche à la campagne
17%
2026 Un simple accident
17%
1991 Uranus
17%
1998 Western
17%
2021 Adolescentes
13%
2010 A l'origine
13%
1980 Don Giovanni
13%
2025 En fanfare
13%
2000 Est-Ouest
13%
1980 I... comme Icare
13%
2007 Indigènes
13%
2007 Je vais bien, ne t'en fais pas
13%
2006 Joyeux Noël
13%
2002 La chambre des officiers
13%
1978 La dentellière
13%
1985 L'amour à mort
13%
1998 Le bossu
13%
2012 Le Havre
13%
2006 L'enfant
13%
2014 Le passé
13%
2008 Le scaphandre et le papillon
13%
2017 Les innocentes
13%
2004 Les invasions barbares
13%
1997 Les voleurs
13%
2012 L'exercice de l'Etat
13%
2017 Mal de pierres
13%
1998 Marius et Jeannette
13%
1992 Merci la vie
13%
2004 Pas sur la bouche
13%
1999 Place Vendôme
13%
1976 Sept morts sur ordonnance
13%
1987 Tenue de soirée
13%
2001 Une affaire de goût
13%
1979 Une histoire simple
13%
2008 Un secret
13%
2017 Victoria
13%
2010 Welcome
13%
1980 Clair de femme
10%
2015 Eastern boys
10%
2011 Gainsbourg, vie héroïque
10%
2009 Il y a longtemps que je t'aime
10%
2014 Jimmy P. (psychothérapie d'un indien des plaines)
10%
2019 La douleur
10%
2016 La loi du marché
10%
1996 Le bonheur est dans le pré
10%
2010 Le concert
10%
2011 Le nom des gens
10%
2013 Les adieux à la reine
10%
2025 L'histoire de Souleymane
10%
1990 Nocturne indien
10%
2012 Pater
10%
2018 Patients
10%
1986 Péril en la demeure
10%
2010 Rapt
10%
2006 Va, vis et deviens
10%
2002 Chaos
7%
2017 Divines
7%
2016 Mustang
7%
1990 Un monde sans pitié
3%
Aucun quiz correspondant
Distribution des résultats
% des personnes avec chaque résultat
Percentile par nombre de réponses
Votre historique - résultats
Vous n’avez pas pris ce quiz depuis la dernière actualisation